| 000 | 00787nam a2200193Ia 4500 | ||
|---|---|---|---|
| 999 |
_c41950 _d41950 |
||
| 001 | 8634 | ||
| 003 | GE_BSU | ||
| 005 | 20240522162730.0 | ||
| 008 | 181216s2010||||ge |||||||||||||| ||geo|| | ||
| 040 | _cGE_BSU | ||
| 041 | _ageo | ||
| 080 | _a342.4(479.22) ს-32 | ||
| 245 |
_aსაქართველოს კონსტიტუცია : _b2012 წლის 11 სექტემბრის მდგომარეობით. |
||
| 264 |
_aთბილისი : _bიურისტების სამყარო, _c2012. |
||
| 300 |
_a80 გვ. ; _c20 სმ. |
||
| 653 | _a2012 წლის 11 სექტემბრის მდგომარეობით | ||
| 653 | _aსაქართველოს კონსტიტუცია | ||
| 942 |
_cBK _2udc |
||